Lazarillo de Tormes: segunda parte de la vida de Lazarillo de Tormes

Na minha lista:
Detalhes bibliográficos
Formato: Livro
Idioma:espanhol
Publicado em: Madrid s.n 1983
Edição:2a. ed
Colecção:Biblioteca de la Literatura y el Pensamiento Hispánico, 22
Assuntos:
Tags: Adicionar Tag
Sem tags, seja o primeiro a adicionar uma tag!

MARC

LEADER 00000nam a2200000 a 4500
001 UCX0428
003 CL-VaPUC
008 891017e19830000SP |||||||||||||||||spa|d
082 0 4 |a 863  |b LAZ  |2 21 
245 1 0 |a Lazarillo de Tormes: segunda parte de la vida de Lazarillo de Tormes 
250 |a 2a. ed 
300 |a 258 p 
942 |c BK 
945 |d 19891017 00:00:00 
260 |a Madrid  |b s.n  |c 1983 
650 7 |a NOVELA PICARESCA ESPAÑOLA  |2 CL-VaPUC  |9 315849 
650 0 |a Novelas españolas  |9 265052 
583 |a last modification  |c 20120703 11:10:24  |k Rodrigo Vera 
490 0 |a Biblioteca de la Literatura y el Pensamiento Hispánico, 22 
999 |c 222033  |d 222031 
952 |0 0  |1 0  |4 0  |6 863_000000000000000_LAZ_1983  |7 0  |8 A  |9 216195  |a BIBEDU  |b BIBEDU  |d 2019-11-15  |i 2847981  |l 1  |o 863 LAZ 1983  |p 2847981  |r 2022-12-02  |s 2022-11-29  |w 2019-11-15  |y BK  |k LIT